[Event "ISL-ch"]
[Site "Reykjavik"]
[Date "2008.09.04"]
[Round "9"]
[White "Kjartansson, Gudmundur"]
[Black "Ulfarsson, Magnus Orn"]
[Result "0-1"]
[WhiteElo "2328"]
[BlackElo "2403"]
[PlyCount "82"]
[EventDate "2008.08.27"]
[EventType "tourn"]
[EventRounds "11"]
[EventCountry "ISL"]
[EventCategory "6"]
[SourceTitle "CBM 126 Extra"]
[Source "ChessBase"]
[SourceDate "2008.11.05"]
[SourceVersion "1"]
[SourceVersionDate "2008.11.05"]
[SourceQuality "1"]

1. c4 Nf6 2. Nf3 c5 3. Nc3 b6 4. g3 Bb7 5. Bg2 e6 6. 0-0 Be7 7. Re1 d6 8. e4 Nbd7 9. d4 cxd4 10. Nxd4 Qc7 11. Be3 a6 12. Rc1 0-0 13. f4 Rac8 14. g4 Nc5 15. Bf2 g6 16. b4 Ncd7 17. Bf1 Qb8 18. f5 Ne5 19. fxe6 Nfxg4 20. Bg3 Bg5 21. Nd5 Bxd5 22. exd5 Bxc1 23. Qxc1 Qa7 24. h3 b5 25. c5 dxc5 26. Nc6 Nxc6 27. dxc6 c4+ 28. Kg2 Nf6 29. Qg5 fxe6 30. Bd6 Rf7 31. Bc5 Qa8 32. Kh1 Ne4 33. Rxe4 Rxf1+ 34. Kh2 Qxc6 35. Qe3 Rd8 36. Rxe6 Qh1+ 37. Kg3 Rd3 38. Re8+ Kg7 39. Re7+ Rf7 40. Bd4+ Kg8 41. Re8+ Rf8 0-1

[Event "ISL-ch"]
[Site "Reykjavik"]
[Date "2008.09.01"]
[Round "6"]
[White "Olafsson, Thorvadur F"]
[Black "Ulfarsson, Magnus Orn"]
[Result "0-1"]
[WhiteElo "2177"]
[BlackElo "2403"]
[PlyCount "100"]
[EventDate "2008.08.27"]
[EventType "tourn"]
[EventRounds "11"]
[EventCountry "ISL"]
[EventCategory "6"]
[SourceTitle "CBM 126 Extra"]
[Source "ChessBase"]
[SourceDate "2008.11.05"]
[SourceVersion "1"]
[SourceVersionDate "2008.11.05"]
[SourceQuality "1"]

1. e4 c5 2. Nf3 d6 3. d4 cxd4 4. Nxd4 Nf6 5. Nc3 Nc6 6. Bg5 e6 7. Qd2 Be7 8. 0-0-0 0-0 9. Nb3 a6 10. Kb1 Qc7 11. Bxf6 Bxf6 12. Qxd6 Qxd6 13. Rxd6 Bxc3 14. bxc3 Ne5 15. Be2 g5 16. Rhd1 Kg7 17. Na5 Kf6 18. Nc4 Nxc4 19. Bxc4 b5 20. Be2 Bb7 21. f3 Rfc8 22. Kb2 Rc7 23. Rd7 Rac8 24. Rxc7 Rxc7 25. Kb3 Ke5 26. c4 bxc4+ 27. Bxc4 g4 28. Rd8 Kf4 29. Rd3 h5 30. Rc3 Rd7 31. g3+ Ke5 32. fxg4 hxg4 33. Be2 Rd2 34. Bxg4 Bxe4 35. Bf3 Rxh2 36. Re3 f5 37. Bxe4 fxe4 38. Kc3 Rg2 39. a4 a5 40. Re1 Rxg3+ 41. Kc4 Ra3 42. Kb5 Rc3 43. Re2 e3 44. Kxa5 Ke4 45. Kb4 Kf3 46. Rh2 Rc8 47. Rh3+ Kf2 48. Rh2+ Ke1 49. Rh5 e2 50. Re5 Re8 0-1

[Event "ISL-ch"]
[Site "Reykjavik"]
[Date "2008.08.31"]
[Round "5"]
[White "Ulfarsson, Magnus Orn"]
[Black "Lagerman, Robert"]
[Result "1/2-1/2"]
[WhiteElo "2403"]
[BlackElo "2354"]
[PlyCount "59"]
[EventDate "2008.08.27"]
[EventType "tourn"]
[EventRounds "11"]
[EventCountry "ISL"]
[EventCategory "6"]
[SourceTitle "CBM 126 Extra"]
[Source "ChessBase"]
[SourceDate "2008.11.05"]
[SourceVersion "1"]
[SourceVersionDate "2008.11.05"]
[SourceQuality "1"]

1. e4 e5 2. Nf3 Nc6 3. Bb5 a6 4. Ba4 Nf6 5. 0-0 Nxe4 6. d4 b5 7. Bb3 d5 8. dxe5 Be6 9. Nbd2 Nc5 10. c3 d4 11. Bxe6 Nxe6 12. cxd4 Ncxd4 13. a4 Be7 14. axb5 axb5 15. Rxa8 Qxa8 16. Nxd4 Nxd4 17. Qg4 Ne6 18. Ne4 Qd5 19. Ng3 Qxe5 20. f4 Qd4+ 21. Kh1 g6 22. Qf3 0-0 23. f5 Ng5 24. Qe2 Bf6 25. Qxb5 Ne4 26. Nxe4 Qxe4 27. Bh6 c6 28. Qa6 Rb8 29. fxg6 Qxg6 30. Qxc6 1/2-1/2

[Event "ISL-ch"]
[Site "Reykjavik"]
[Date "2008.08.30"]
[Round "4"]
[White "Thorhallsson, Throstur"]
[Black "Ulfarsson, Magnus Orn"]
[Result "1/2-1/2"]
[WhiteElo "2449"]
[BlackElo "2403"]
[PlyCount "62"]
[EventDate "2008.08.27"]
[EventType "tourn"]
[EventRounds "11"]
[EventCountry "ISL"]
[EventCategory "6"]
[SourceTitle "CBM 126 Extra"]
[Source "ChessBase"]
[SourceDate "2008.11.05"]
[SourceVersion "1"]
[SourceVersionDate "2008.11.05"]
[SourceQuality "1"]

1. e4 c5 2. c3 Nf6 3. e5 Nd5 4. d4 cxd4 5. Nf3 Nc6 6. cxd4 d6 7. Bc4 Nb6 8. Bd3 Bg4 9. e6 Bxe6 10. Ng5 g6 11. Nxe6 fxe6 12. h4 Bg7 13. h5 Kd7 14. Be3 Bxd4 15. Bxd4 Nxd4 16. Qg4 Nc6 17. Nc3 gxh5 18. Rxh5 Qg8 19. Qh3 Qf7 20. a4 Raf8 21. Ne4 Qg7 22. a5 Nc8 23. a6 bxa6 24. Rxa6 Qxb2 25. Rxc6 Kxc6 26. Qxe6 Qc1+ 27. Ke2 Qb2+ 28. Kd1 Qa1+ 29. Kd2 Qb2+ 30. Kd1 Qa1+ 31. Kd2 Qb2+ 1/2-1/2

[Event "ISL-ch"]
[Site "Reykjavik"]
[Date "2008.08.27"]
[Round "1"]
[White "Ulfarsson, Magnus Orn"]
[Black "Danielsen, Henrik"]
[Result "0-1"]
[WhiteElo "2403"]
[BlackElo "2526"]
[PlyCount "72"]
[EventDate "2008.08.27"]
[EventType "tourn"]
[EventRounds "11"]
[EventCountry "ISL"]
[EventCategory "6"]
[SourceTitle "CBM 126 Extra"]
[Source "ChessBase"]
[SourceDate "2008.11.05"]
[SourceVersion "1"]
[SourceVersionDate "2008.11.05"]
[SourceQuality "1"]

1. e4 g6 2. d4 Bg7 3. Nc3 d6 4. Be3 c6 5. Qd2 b5 6. Bd3 Bb7 7. Nf3 Nd7 8. 0-0 Qc7 9. Ne2 Ngf6 10. h3 0-0 11. Ng3 a6 12. c3 Rfe8 13. Bh6 e5 14. dxe5 dxe5 15. Nf5 Bh8 16. Bc2 Nb6 17. Qd6 Qd8 18. Qxd8 Raxd8 19. Ng3 Nc4 20. b4 Bg7 21. Bxg7 Kxg7 22. Rad1 c5 23. Rxd8 Rxd8 24. bxc5 Rc8 25. Bd3 Rxc5 26. Bxc4 Rxc4 27. Nxe5 Rc5 28. Ng4 Nxe4 29. Nxe4 Bxe4 30. Rc1 f5 31. Ne3 f4 32. Nd1 Rg5 33. g3 fxg3 34. h4 Rg4 35. fxg3 Rxg3+ 36. Kf2 Rh3 0-1

[Event "Reykjavik"]
[Site "Reykjavik"]
[Date "2008.07.19"]
[Round "4"]
[White "Westerinen, Heikki MJ"]
[Black "Ulfarsson, Magnus Orn"]
[Result "1/2-1/2"]
[WhiteElo "2376"]
[BlackElo "2403"]
[PlyCount "136"]
[EventDate "2008.07.16"]
[EventType "tourn"]
[EventRounds "9"]
[EventCountry "ISL"]
[EventCategory "3"]
[SourceTitle "CBM 125 Extra"]
[Source "ChessBase"]
[SourceDate "2008.09.01"]
[SourceVersion "1"]
[SourceVersionDate "2008.09.01"]
[SourceQuality "1"]

1. e4 c5 2. Nf3 Nc6 3. Bb5 e6 4. 0-0 Nge7 5. Re1 a6 6. Bf1 d5 7. d3 b5 8. a4 Bb7 9. axb5 axb5 10. Rxa8 Bxa8 11. Nc3 b4 12. exd5 Nxd5 13. Nxd5 Qxd5 14. c4 Qd7 15. Be3 Be7 16. d4 cxd4 17. Nxd4 Nxd4 18. Qxd4 Qxd4 19. Bxd4 0-0 20. Ra1 Rd8 21. Bb6 Rc8 22. Bd3 f5 23. b3 Bc6 24. Kf1 Rb8 25. Bc7 Rb7 26. Be5 Rd7 27. Rd1 Kf7 28. Bc2 Rb7 29. f3 Bf6 30. Bxf6 Kxf6 31. Ra1 Ke5 32. Ra6 Rc7 33. Ke2 Kd4 34. Kd2 g5 35. Rb6 Kc5 36. Rb8 g4 37. f4 Bxg2 38. Rb5+ Kd4 39. Rxb4 Be4 40. c5+ Kd5 41. Bxe4+ fxe4 42. Ke3 Rxc5 43. Rd4+ Kc6 44. Rxe4 Rc3+ 45. Kd4 Rh3 46. Rxe6+ Kd7 47. Re2 Rxb3 48. Ke5 g3 49. hxg3 Rxg3 50. Rh2 Rg7 51. Kf6 Re7 52. Ra2 Re6+ 53. Kf5 Re7 54. Ra8 Rf7+ 55. Ke5 Re7+ 56. Kf6 Re6+ 57. Kf5 Re1 58. Kf6 Re6+ 59. Kg5 Rg6+ 60. Kf5 Rh6 61. Ra7+ Ke8 62. Ke5 Kf8 63. f5 Kg8 64. Kf4 Rb6 65. Kg5 Rc6 66. f6 Rc1 67. Rg7+ Kf8 68. Rxh7 Rg1+ 1/2-1/2

[Event "Reykjavik"]
[Site "Reykjavik"]
[Date "2008.07.16"]
[Round "1"]
[White "Ulfarsson, Magnus Orn"]
[Black "Salama, Omar"]
[Result "1/2-1/2"]
[WhiteElo "2403"]
[BlackElo "2212"]
[PlyCount "51"]
[EventDate "2008.07.16"]
[EventType "tourn"]
[EventRounds "9"]
[EventCountry "ISL"]
[EventCategory "3"]
[SourceTitle "CBM 125 Extra"]
[Source "ChessBase"]
[SourceDate "2008.09.01"]
[SourceVersion "1"]
[SourceVersionDate "2008.09.01"]
[SourceQuality "1"]

1. e4 e5 2. Nf3 Nc6 3. Bb5 a6 4. Ba4 d6 5. Bxc6+ bxc6 6. d4 exd4 7. Nxd4 c5 8. Ne2 Nf6 9. Nbc3 g6 10. Bg5 h6 11. Bh4 Bg7 12. f4 g5 13. fxg5 Ng4 14. Qd2 Rb8 15. 0-0 hxg5 16. Bxg5 Qxg5 17. Qxg5 Bh6 18. Qxh6 Rxh6 19. b3 Nxh2 20. Rf4 Be6 21. Ng3 Ng4 22. Nd5 Kd7 23. Raf1 Ne5 24. Nf5 Bxf5 25. Rxf5 c6 26. Nc3 1/2-1/2

[Event "ISL-chT 0405"]
[Site "Reykjavik"]
[Date "2004.11.19"]
[Round "1"]
[White "Ingimarsson, David"]
[Black "Ulfarsson, Magnus Orn"]
[Result "0-1"]
[WhiteElo "2060"]
[BlackElo "2398"]
[PlyCount "64"]
[EventDate "2004.11.19"]
[EventType "team"]
[EventRounds "7"]
[EventCountry "ISL"]
[SourceTitle "EXT 2006"]
[Source "ChessBase"]
[SourceDate "2005.11.24"]
[SourceVersion "1"]
[SourceVersionDate "2005.11.24"]
[SourceQuality "1"]

1. e4 c5 2. Nc3 Nc6 3. Nf3 d6 4. d3 g6 5. Be3 Bg7 6. Qd2 Nd4 7. Be2 b5 8. Nd1 a5 9. c3 Nxe2 10. Qxe2 b4 11. 0-0 Nf6 12. h3 0-0 13. Qd2 c4 14. Re1 Bb7 15. cxb4 cxd3 16. bxa5 Qxa5 17. Qxd3 Nxe4 18. a3 Rfc8 19. Rc1 Rxc1 20. Bxc1 Nc5 21. Qe2 Bxf3 22. gxf3 Nd3 23. Bd2 Qa6 24. Rf1 Nxb2 25. Qxa6 Rxa6 26. Nxb2 Bxb2 27. Rb1 Bd4 28. Bh6 f6 29. Rb8+ Kf7 30. Rh8 g5 31. f4 Kg6 32. Bf8 f5 0-1